El P. Arolas (Record no. 157924)

MARC details
000 -LEADER
campo de control de longitud fija 00772nam a22002055i 4500
001 - NÚMERO DE CONTROL
campo de control 157924
003 - IDENTIFICADOR DE NÚMERO DE CONTROL
campo de control ES-MaACL
005 - FECHA Y HORA DE LA ÚLTIMA TRANSACCIÓN
campo de control 20230906210915.0
008 - DATOS DE LONGITUD FIJA--INFORMACIÓN GENERAL
campo de control de longitud fija 990625s1898 sp |||| | spa d
040 ## - FUENTE DE CATALOGACIÓN
Centro catalogador/agencia de origen CCPB | B
Lengua de catalogación spa
Centro/agencia transcriptor CCPB | B
100 1# - ENTRADA PRINCIPAL--NOMBRE DE PERSONA
Nombre de persona Lomba y Pedraja, José R.,
Fechas asociadas al nombre 1868-1951
9 (RLIN) 73176
245 13 - MENCIÓN DEL TÍTULO
Título El P. Arolas
Resto del título : su vida y sus versos : estudio crítico /
Mención de responsabilidad, etc. por José R. Lomba y Pedraja.
260 ## - PUBLICACIÓN, DISTRIBUCIÓN, ETC.
Lugar de publicación, distribución, etc. Madrid :
Nombre del editor, distribuidor, etc. [s.n.],
Fecha de publicación, distribución, etc. 1898 (
Fabricante Est. tip. "Sucesores de Rivadeneyra)
300 ## - DESCRIPCIÓN FÍSICA
Extensión 243 p. ;
Dimensiones 23 cm.
600 14 - PUNTO DE ACCESO ADICIONAL DE MATERIA--NOMBRE DE PERSONA
Nombre de persona Arolas, Juan (
Fechas asociadas al nombre 1805-1849)-
Subdivisión de forma Biografías.
9 (RLIN) 222871
600 14 - PUNTO DE ACCESO ADICIONAL DE MATERIA--NOMBRE DE PERSONA
Nombre de persona Arolas, Juan (
Fechas asociadas al nombre 1805-1849)-
Subdivisión general Crítica e interpretación.
9 (RLIN) 222874
752 ## - ENTRADA AGREGADA--NOMBRE JERÁRQUICO DEL LUGAR
País o entidad superior España -
Ciudad Madrid
852 ## - LOCALIZACIÓN
Ubicación ES-MaACL
Número de control de estantería G-12732
Nota libre -- Enc. hol.
Holdings
Estatus retirado Estado de pérdida Estado de daño No para préstamo Colección Biblioteca de origen Biblioteca actual Ubicación en estantería Fecha de adquisición Fuente de adquisición Total de préstamos Signatura topográfica completa Código de barras Visto por última vez Precio de reemplazo Tipo de ítem Koha
        Libros del s. XIX Biblioteca del Ateneo de Madrid Biblioteca del Ateneo de Madrid Sala Pecera Planta 3 17/01/2008     G-12732 1165278 23/02/2023 23/02/2023 Libro impreso antiguo